Statistics for UK Geography (Tile Select)

Click here to take the quiz!

General Stats

  • This quiz has been taken 357 times
  • The average score is 56 of 80

Answer Stats

QuestionTileSelect% Correct
Cities (i.e. those with official city status)BirminghamYes
97%
Cities (i.e. those with official city status)StrabaneNo
97%
Cities (i.e. those with official city status)ScunthorpeNo
94%
Boroughs in Greater LondonBeestonNo
92%
Coastal townsIlkleyNo
91%
Boroughs in Greater LondonKensingtonYes
91%
Cities (i.e. those with official city status)DumfriesNo
90%
Boroughs in Greater LondonHunsletNo
90%
Coastal townsKetteringNo
90%
Boroughs in Greater LondonSeftonNo
90%
Boroughs in Greater LondonSolihullNo
90%
Boroughs in Greater LondonTraffordNo
90%
Rivers with a length of over 80 miles (129km)LaganNo
88%
Cities (i.e. those with official city status)MaidstoneNo
88%
Boroughs in Greater LondonSmethwickNo
88%
Boroughs in Greater LondonHackneyYes
87%
Bodies of water in the Lake District National ParkLough ErneNo
87%
Coastal townsPitlochryNo
87%
Rivers with a length of over 80 miles (129km)SevernYes
87%
Cities (i.e. those with official city status)BarnsleyNo
86%
Boroughs in Greater LondonEalingYes
86%
Bodies of water in the Lake District National ParkLake VyrnwyNo
86%
Bodies of water in the Lake District National ParkBarton BroadNo
84%
Cities (i.e. those with official city status)DundeeYes
84%
Cities (i.e. those with official city status)InvernessYes
84%
Coastal townsWrexhamNo
84%
Bodies of water in the Lake District National ParkLake of MenteithNo
83%
Coastal townsRedruthNo
83%
Coastal townsWhitbyYes
83%
Coastal townsHorncastleNo
82%
Cities (i.e. those with official city status)ChesterYes
81%
Coastal townsOmaghNo
80%
Boroughs in Greater LondonEtonNo
79%
Coastal townsForfarNo
79%
Rivers with a length of over 80 miles (129km)MedwayNo
78%
Boroughs in Greater LondonBromleyYes
77%
Bodies of water in the Lake District National ParkHorsey MereNo
77%
Bodies of water in the Lake District National ParkRutland WaterNo
77%
Boroughs in Greater LondonSouthmeadNo
77%
Rivers with a length of over 80 miles (129km)TaffNo
77%
Rivers with a length of over 80 miles (129km)UskNo
77%
Rivers with a length of over 80 miles (129km)TamarNo
76%
Cities (i.e. those with official city status)AberystwythNo
75%
Bodies of water in the Lake District National ParkGrafham WaterNo
75%
Rivers with a length of over 80 miles (129km)AireNo
73%
Bodies of water in the Lake District National ParkUllswaterYes
73%
Coastal townsBognor RegisYes
71%
Rivers with a length of over 80 miles (129km)ClydeYes
71%
Rivers with a length of over 80 miles (129km)ExeNo
71%
Coastal townsWhitehavenYes
71%
Bodies of water in the Lake District National ParkKielder WaterNo
70%
Cities (i.e. those with official city status)WolverhamptonYes
68%
Bodies of water in the Lake District National ParkConiston WaterYes
66%
Cities (i.e. those with official city status)CarlisleYes
64%
Rivers with a length of over 80 miles (129km)WyeYes
64%
Boroughs in Greater LondonBrentYes
63%
Cities (i.e. those with official city status)ElyYes
63%
Cities (i.e. those with official city status)IpswichNo
63%
Coastal townsIlfracombeYes
62%
Cities (i.e. those with official city status)ReadingNo
61%
Coastal townsBarmouthYes
60%
Bodies of water in the Lake District National ParkButtermereYes
60%
Rivers with a length of over 80 miles (129km)TweedYes
59%
Coastal townsLowestoftYes
58%
Rivers with a length of over 80 miles (129km)Great OuseYes
57%
Boroughs in Greater LondonHillingdonYes
57%
Bodies of water in the Lake District National ParkHaweswaterYes
46%
Cities (i.e. those with official city status)LichfieldYes
45%
Boroughs in Greater LondonMertonYes
43%
Bodies of water in the Lake District National ParkLoweswaterYes
41%
Bodies of water in the Lake District National ParkCrummock WaterYes
36%
Rivers with a length of over 80 miles (129km)SpeyYes
36%
Boroughs in Greater LondonHaveringYes
35%
Coastal townsMallaigYes
31%
Rivers with a length of over 80 miles (129km)MerseyNo
31%
Bodies of water in the Lake District National ParkTarn HowsYes
30%
Coastal townsCarrickfergusYes
28%
Bodies of water in the Lake District National ParkLoughrigg TarnYes
20%
Rivers with a length of over 80 miles (129km)NeneYes
16%
Rivers with a length of over 80 miles (129km)EdenYes
14%

Score Distribution

Percentile by Number Answered

Percent of People with Each Score

Your Score History

You have not taken this quiz